000 00927nam0a22002891 4500
001 v19\rc\1853559
005 20251118180125.2
035 _a(NLR Aleph) 004948346
090 _a5855586
_c5855586
100 _a20080221d1906 u y0rusy50 ca
101 0 _arus
102 _aRU
105 _aa z |||||
200 1 _aРаботы из проволоки
_eПракт. руководство для любителей ремесл
_fБ. Кремлев
205 _a[2-е изд.]
210 _aСанкт-Петербург
_cМ.П. Петров
_cКн-во А.Ф. Суховой
_d1906
215 _a13 с.
_cил.
_d21
225 1 _aПолезные ремесла
700 1 _aКремлев
_bБ.
_gБорис
801 0 _aRU
_bNLR
_gpsbo
801 0 _aRU
_bRuMoRGB
_2psbo
801 1 _aRU
_bProSoft-M
_2rusmarc
852 _aNLR
_j34.53.4.1358
899 _aRuMoRGB
_jU 31/488
899 _aБАН
942 _cBOOK
980 _aNB